En defensa propia (Registro nro. 2941)
[ vista simple ]
| 000 -Cabecera | |
|---|---|
| Campo de control de longitud fija | 00647aam a2200265 4500 |
| 005 - Fecha y hora de la última transacción | |
| Campo de control | 20250819164240.0 |
| 008 - Elementos de longitud fija--Información general | |
| Campo de control de longitud fija | 150618b1992 xxu||||| |||| 00| 0 spa d |
| 041 ## - Idioma | |
| Código de idioma | Español |
| 082 ## - Clasificación Decimal Dewey | |
| Número de clasificación | 345.04 F612d |
| 100 ## - Entrada principal--Autor personal | |
| Nombre personal | Fletcher, George |
| 9 (RLIN) | 25104 |
| 245 ## - Título propiamente dicho | |
| Título | En defensa propia |
| 260 ## - Pie de imprenta | |
| Lugar de publicación, distribución, etc. | España |
| 260 ## - Pie de imprenta | |
| Nombre del editor, distribuidor, etc. | Tirant lo Blanch |
| 260 ## - Pie de imprenta | |
| Fecha de publicación, distribución, etc. | 1992 |
| 300 ## - Descripción física | |
| Extensión | 359 páginas |
| 490 ## - Serie | |
| Título de la Serie | Investigación Criminal |
| 650 ## - Materia general | |
| Temática (materia general) | LEGITIMA DEFENSA |
| 650 ## - Materia general | |
| Temática (materia general) | DERECHO PENAL |
| 650 ## - Materia general | |
| Temática (materia general) | ACTOS ILÍCITOS |
| 650 ## - Materia general | |
| Temática (materia general) | AGRESIONES |
| 650 ## - Materia general | |
| Temática (materia general) | PSICOANÁLISIS |
| 650 ## - Materia general | |
| Temática (materia general) | CULPAS JURÍDICAS |
| 650 ## - Materia general | |
| Temática (materia general) | IMPUTABILIDAD |
| 942 ## - Punto de acceso adicional KOHA | |
| Tipo de ítem KOHA | Libro |
| Fuente del sistema de clasificación o colocación | Dewey Decimal Classification |
| Signatura completa | Código de barras | Programa Académico | Tipo de ítem |
|---|---|---|---|
| 345.04 F612d | 16351 | Investigación Criminal | Libro |